000 00614nam a2200205 4500
001 122091
003 ES-MaACL
005 20251011063127.0
007 t|
008 070214s1956 sp r ||||1| spa d
100 1 _aPrieto, Antonio,
_d1930-
_9151033
245 1 0 _aBuenas noches, Argüelles
_b: novela /
_cAntonio Prieto.
250 _a1ª ed.
260 _aBarcelona :
_bPlaneta,
_c1956.
300 _a304 p. ;
_c19 cm.
490 1 _aAutores españoles contemporáneos
830 0 _aAutores españoles contemporáneos
_9180811
852 _aES-MaACL
_jC-12277
_bR.40196
999 _c122091
_d122091